El ius cogens internacional : (Record no. 108986)

MARC details
000 -LEADER
fixed length control field 00794cam a2200229 4500
008 - FIXED-LENGTH DATA ELEMENTS--GENERAL INFORMATION
fixed length control field 070910s2003 mx 000 0 spa u
020 ## - INTERNATIONAL STANDARD BOOK NUMBER
International Standard Book Number 9703208134
100 1# - MAIN ENTRY--PERSONAL NAME
Personal name Gómez Robledo, Antonio,
Dates associated with a name 1908-
245 13 - TITLE STATEMENT
Title El ius cogens internacional :
Remainder of title estudio histórico-crítico /
Statement of responsibility, etc Antonio Gómez Robledo.
250 ## - EDITION STATEMENT
Edition statement 1a ed.
260 ## - PUBLICATION, DISTRIBUTION, ETC. (IMPRINT)
Place of publication, distribution, etc México :
Name of publisher, distributor, etc UNAM, Instituto de Investigaciones Jurídicas,
Date of publication, distribution, etc c2003
300 ## - PHYSICAL DESCRIPTION
Extent xii, 195 p. ;
Dimensions 22 cm.
440 #0 - SERIES STATEMENT/ADDED ENTRY--TITLE
Title Doctrina jurídica ;
Volume number/sequential designation 147
504 ## - BIBLIOGRAPHY, ETC. NOTE
Bibliography, etc Incluye bibliografias e índice
650 #4 - SUBJECT ADDED ENTRY--TOPICAL TERM
Topical term or geographic name as entry element Derecho internacional
650 #4 - SUBJECT ADDED ENTRY--TOPICAL TERM
Topical term or geographic name as entry element Tratados
General subdivision Derecho
710 1# - ADDED ENTRY--CORPORATE NAME
Corporate name or jurisdiction name as entry element Universidad Nacional Autónoma de México
710 2# - ADDED ENTRY--CORPORATE NAME
Corporate name or jurisdiction name as entry element Instituto de investigaciones Jurídicas
942 ## - ADDED ENTRY ELEMENTS (KOHA)
Source of classification or shelving scheme Biblioteca del Cogreso de los Estados Unidos
Koha item type Libro
Holdings
Estado de pérdida Fuente de clasificación Estado del daño No para préstamo Ubicación permanente Ubicación actual Apartado o colección Fecha de adquisición Edición Dependencia de educación superior (DES) Área del conocimiento Clasificación Código de Barras Date last seen Número de copia Costo por reposición Tipo de recurso
  Biblioteca del Cogreso de los Estados Unidos     Biblioteca del Instituto de Investigaciones Económicas y Empresariales Biblioteca del Instituto de Investigaciones Económicas y Empresariales General 20/11/2015 1a ed. Ciencias Económico Administrativas Ciencias Sociales y Administrativas K302 G65 2003 IIE000000251 20/11/2015 C:1 1.00 Libro